| 000 | 01316nam1a22002651 4500 | ||
|---|---|---|---|
| 001 | rc\2236092 | ||
| 005 | 20110829181221.2 | ||
| 035 | _a(NLR Aleph) 006710342 | ||
| 090 |
_a5336170 _c5336170 |
||
| 100 | _a20110829d1979 |||y0rusy50 ca | ||
| 101 | 0 | _arus | |
| 102 | _aRU | ||
| 105 | _ay z ||||| | ||
| 200 | 1 |
_aЦентрализация и специализация ремонта технологического оборудования машиностроительных предприятий _e[Тез. докл. всесоюз. науч.-техн. семинара, г. Волгоград, 29-30 нояб. 1979 г. _eВ 2-х ч. _fОтв. ред. Борисов Ю.С.] |
|
| 210 |
_aМосква _cБ. и. _d1979 |
||
| 215 | _d20 | ||
| 300 | _aВ надзаг.: НТО машиностроит. пром-сти, Центр. и Волгогр. обл. правл., Машиностроит. м-ва СССР, Проект.-конструкт. технол. ин-т рем. пр-ва | ||
| 702 | 1 |
_aБорисов _bЮ. С. _4340 |
|
| 712 | 0 | 2 |
_aНТО машиностроительной промышленности _cМосква _3RU\NLR\AUTH\889967260 |
| 801 | 0 |
_aRU _bNLR _gpsbo |
|
| 801 | 1 |
_aRU _bELAR _2rusmarc |
|
| 852 |
_aNLR _j80-3/3454 |
||
| 899 |
_aRuMoRGB _jB 79-50/187 |
||
| 942 | _cBOOK | ||
| 980 | _aNB | ||